| 000 | 00621nam a2200229Ia 4500 | ||
|---|---|---|---|
| 008 | 191119s9999 xx 000 0 und d | ||
| 020 | _a978-621-406-152-5 | ||
| 050 | _aFil QA 76.73 | ||
| 050 | _b.C153P66 2018 | ||
| 100 | _aPomerada, Jake R. | ||
| 245 | 0 | _aIntroduction to C# programming / | |
| 245 | 0 | _cJake R. Pomerada. | |
| 260 | _aPhilippines : | ||
| 260 | _bMindshapers, | ||
| 260 | _c2018 | ||
| 300 | _a207 pages : | ||
| 300 | _billustrations ; | ||
| 300 | _c26 cm. | ||
| 500 | _aIncludes bibliographic references. | ||
| 650 | _aComputer programming. | ||
| 650 | _xC# (Computer program language). | ||
| 999 |
_c363117 _d363117 |
||